Studia cordubensia : (Registro nro. 22080)

Detalles MARC
000 -Cabecera
Campo de control interno 00786nam a2200265Ia 4500
005 - Fecha y hora del registro
control field 20260320113340.0
008 - Elementos de Longitud Fija
fixed length control field 260320s9999||||xx |||||||||||||| ||und||
022 ## - ISSN
ISSN 1888640X
041 ## - Idioma
Codigo Idioma ESP
082 ## - DEWEY y NOTACIÓN INTERNA
Dewey HR 200 N° 18 2025
Notación Interna SC
100 ## - AUTOR
Autor denominación
Término de relación
110 ## - AUTOR INSTTITUCIONAL
Autor Institucional Diócesis de Córdoba
245 #0 - TÍTULO DE MATERIAL BIBLIOGRÁFICO
Título Studia cordubensia :
Título paralelo revista de teología y ciencias religiosas de los centros académicos de la Diócesis de Córdoba
246 ## - TÍTULO TRADUCIDO
Título
Título paralelo
Autor
260 ## - CIUDAD, EDITORIAL, AÑO
Ciudad Córdoba :
Nombre de la Editorial Fundación San Eulogio,
Año 2025
300 ## - DESCRIPCIÓN
N° Páginas 441 páginas :
Otros detalles
Dimensiones 24 cm.
Material Adicional
440 ## - MENCIÓN DE SERIE
Título de la Serie
Número de Serie
Volumen de Serie
650 ## - TEMAS
Temas Religión
653 ## - DESCRIPTORES
Lenguajes no controlado Religión - Revista
654 ## - PROGRAMAS
Programa Dpto. de Humanidades
700 ## - OTROS AUTORES
Otros autores
Títulos y otras palabras asociadas con el nombre
856 ## - URL - UBICACIÓN
URI/URL: Enlace exacto del recurso <a href="https://dialnet.unirioja.es/ejemplar/717925">https://dialnet.unirioja.es/ejemplar/717925</a>
Nota pública: Versión digital <a href="Versión digital">Versión digital</a>
942 ## - ELEMENTOS DE KOHA
Tipo de documento Revista
Nombre del creador Justo Noguera
Código de catalogador Margarita Torres
Esquema de clasificación Dewey Decimal Classification
Suppress in OPAC
Existencias
Codigo completo Registro Colección Copia número Disponibilidad Tipo de préstamo Biblioteca Actual Procedencia (Biblioteca) Ubicacón Fecha Ingreso Tipo de Adquisición Observación Date last seen Total checkouts Price effective from Tipo de Item Estado del Material Fuente de Clasificación Damaged status Withdrawn status
HR 200 N° 18 2025 SC 1087496 Universidad Católica San Pablo 1 Disponible Disponible Víctor Andrés Belaunde Víctor Andrés Belaunde Planta baja abierta 10/03/2026 Donación Rectorado UCSP 20/03/2026   20/03/2026 Revista Bueno Dewey Decimal Classification